00679nam a22001937a 450000500170000001000150001702000260003203500140005803700130007208200080008510000340009324500780012726000390020527000460024430000240029094200220031499900190033695201300035520231205152549.0 aENG-137379 a9789380599274c300.00 aEN-120911 bDBAD/PUB a510 aBandyopadhyay, Sitansu959525 aMathematical Analysis:bProblems and Solutions/cBy Sitansu Bandyopadhyay aKolkatabAcademic Publishersc2011 a5A, Bhawani Dutta Lane, bKolkatae700009 a552p. ;c23cm (pbk) 2ddccENh510mBAN c196844d196844 001040708NFICaVPbVPd2023-08-01eDBAD/PUBg300.00l0o510 BANpEN-120911r2023-08-01 00:00:00t1v300.00w2023-08-01yEN